000 00383nam a2200133Ia 4500
008 220216s9999 xx 000 0 und d
100 _aWiphulanusasn Sod
245 0 _aRubber replanting aid for non-previos owners of rubber plantations
260 _bRubber International Magazine
_c2000
300 _a59-64
650 _aReplanting aid
650 _aRubber plantation
942 _cJS
999 _c67951
_d67951